[Event "Roncana op-C U14 7th"]
[Site "Santa Eulalia de Roncana"]
[Date "2013.10.26"]
[Round "4"]
[White "Casares Bonals, Ainhoa"]
[Black "Salmeron Moreno, Ivan"]
[Result "0-1"]
[WhiteElo "1700"]
[BlackElo "1700"]
[PlyCount "86"]
[EventDate "2013.10.05"]
[EventType "swiss"]
[EventRounds "8"]
[EventCountry "ESP"]
[SourceTitle "EXT 2015"]
[Source "ChessBase"]
[SourceDate "2014.11.20"]
[SourceVersion "1"]
[SourceVersionDate "2014.11.20"]
[SourceQuality "1"]

1. e4 e5 2. Nf3 Nc6 3. Nc3 Nf6 4. d4 Ng4 5. Bg5 f6 6. Bh4 g5 7. Bg3 Bb4 8. a3 Bxc3+ 9. bxc3 d6 10. Bc4 Qe7 11. 0-0 Be6 12. d5 Na5 13. Bb5+ c6 14. Ba4 b5 15. dxe6 bxa4 16. h3 Nh6 17. h4 gxh4 18. Bxh4 Qxe6 19. Rb1 f5 20. Ng5 Qg6 21. exf5 Nxf5 22. g3 Nxh4 23. gxh4 Nc4 24. Rb7 Nxa3 25. f4 Nxc2 26. f5 Qg8 27. Qxc2 Qc4 28. f6 Qg4+ 29. Kf2 Qxh4+ 30. Kf3 Qxg5 31. f7+ Kd8 32. Qe4 Qf6+ 33. Qf4 Qxf4+ 34. Ke2 Qe4+ 35. Kd1 Qd3+ 36. Ke1 Qxc3+ 37. Ke2 Kc8 38. Re7 Rf8 39. Rf6 Rb8 40. Re8+ Kc7 41. Rxf8 Rb2+ 42. Kd1 Qa3 43. Rh8 Qa1# 0-1